000 00672nam a2200289Ia 4500
005 20260324124341.0
008 008 260324s9999 xx 000 0 eng d
020 _a9780203832486
037 _aEBOOK
040 _aCRL
040 _beng
040 _cCRL
041 _2eng
041 _aeng
084 _qCRL
100 _aPeter Warr; Guy Clapperton
_91173813
245 4 _aThe Joy of Work?
245 0 _bJobs, Happiness, and You
260 _bTaylor and Francis
260 _c2010
365 _a
365 _b230
856 _uhttp://www.taylorfrancis.com/books/9780203832486
942 _cEBOOK
999 _c1768123
_d1768123